00728 a2200193 450000100060000002000150000604000220002110000200004324000340006324500290009730000080012636200090013465000230014394200070016695201140017395201140028795201160040199900170051759355 a8516035409 cAnchieta - Pituba aBandeira, Pedro10aA marca de uma lágrimalpor10aA marca de uma lágrima a1760 a2008 4aLiteratura juvenil cBK 00104070a91.1b91.1d2023-11-21l0oLJ 028.5 B214m BAN MARp10438/PITr2023-11-21 18:27:18w2023-11-21yBK 00104070a91.1b91.1d2023-11-21l0oLJ 028.5 B214m BAN MARp18364/PITr2023-11-21 18:27:18w2023-11-21yBK 00102udc4070a39.1b39.1d2024-08-16l0o028.5 B214mp7891/CCPr2024-08-16 17:15:39tEx. 1w2024-08-16yBKu c59355d59355